International Law / (Record no. 540989)
[ view plain ]
| 000 -LEADER | |
|---|---|
| fixed length control field | 00273nam a22001097a 4500 |
| 082 ## - DEWEY DECIMAL CLASSIFICATION NUMBER | |
| Classification number | 341 |
| 100 ## - MAIN ENTRY--PERSONAL NAME | |
| Personal name | Agarwal, H.O. |
| 245 ## - TITLE STATEMENT | |
| Title | International Law / |
| Statement of responsibility, etc. | H.O. Agarwal |
| 300 ## - PHYSICAL DESCRIPTION | |
| Extent | 872 p. ; |
| Dimensions | 24cm. |
| 942 ## - ADDED ENTRY ELEMENTS (KOHA) | |
| Source of classification or shelving scheme | |
| Koha item type | Book |
| Withdrawn status | Lost status | Source of classification or shelving scheme | Damaged status | Not for loan | Permanent Location | Current Location | Shelving location | Date acquired | Source of acquisition | Total Checkouts | Total Renewals | Full call number | Barcode | Date last seen | Date last checked out | Price effective from | Koha item type |
|---|---|---|---|---|---|---|---|---|---|---|---|---|---|---|---|---|---|
| NUST Law School (NLS) | NUST Law School (NLS) | Law | 11/13/2020 | Golden Books | 2 | 4 | 341 AGA | CL-465 | 06/03/2025 | 01/28/2025 | 11/13/2020 | Book |
